|
|
|
|
| LEADER |
02001cas a2200241 a 4500 |
| 001 |
AALejournalIMF017607 |
| 008 |
230101c9999 xx r poo 0 0eng d |
| 020 |
|
|
|c 5.00 USD
|
| 020 |
|
|
|z 9781475596182
|
| 022 |
|
|
|a 1934-7685
|
| 040 |
|
|
|a BD-DhAAL
|c BD-DhAAL
|
| 110 |
2 |
|
|a International Monetary Fund.
|b African Dept.
|
| 245 |
1 |
0 |
|a Benin :
|b Request for a Three-year Arrangement Under the Extended Credit Facility-Press Release; Staff Report; and Statement by the Executive Director for Benin.
|
| 264 |
|
1 |
|a Washington, D.C. :
|b International Monetary Fund,
|c 2017.
|
| 300 |
|
|
|a 1 online resource (97 pages)
|
| 490 |
1 |
|
|a IMF Staff Country Reports
|
| 500 |
|
|
|a <strong>Off-Campus Access:</strong> No User ID or Password Required
|
| 500 |
|
|
|a <strong>On-Campus Access:</strong> No User ID or Password Required
|
| 506 |
|
|
|a Electronic access restricted to authorized BRAC University faculty, staff and students
|
| 520 |
3 |
|
|a This paper discusses Benin's Request for a Three-Year Arrangement under the Extended Credit Facility. The new program aims to create fiscal space by stepping up domestic revenue mobilization and enhancing the efficiency of government spending; gradually increasing absorptive capacity to scale up investment; strengthening public debt management; and promoting private sector investment through stronger institutions and a better business environment while keeping debt sustainable. It will also aim to ensure that scaled-up public investment is consistent with debt sustainability. This is particularly important for Benin: recent borrowing has significantly reduced available fiscal space, and potential risks have materialized as a result of growth shortfalls, fiscal slippages, and contingent liabilities from state-owned enterprises.
|
| 538 |
|
|
|a Mode of access: Internet
|
| 830 |
|
0 |
|a IMF Staff Country Reports; Country Report ;
|v No. 2017/100
|
| 856 |
4 |
0 |
|z Full text available on IMF
|u http://elibrary.imf.org/view/journals/002/2017/100/002.2017.issue-100-en.xml
|z IMF e-Library
|